Suggestions of abuse : (Record no. 2503)
[ view plain ]
| 000 -LEADER | |
|---|---|
| fixed length control field | 00873cam a2200181 a 4500 |
| 020 ## - INTERNATIONAL STANDARD BOOK NUMBER | |
| ISBN | 0671874314 |
| 050 00 - CALL NUMBER | |
| Classification number | RC569.5.A28 |
| Item number | Ya1 |
| 100 1# - AUTHOR | |
| Personal name | Yapko, Michael D. |
| 245 10 - TITLE | |
| Title | Suggestions of abuse : |
| Remainder of title | true and false memories of childhood sexual trauma / |
| Statement of responsibility, etc | Michael D. Yapko. |
| 260 ## - PUBLICATION INFORMATION | |
| Place of publication | New York : |
| Name of publisher | Simon & Schuster, |
| Year of publication | c1994. |
| 300 ## - DESCRIPTION | |
| Number of Pages | 271 p. ; |
| Dimensions | 25 cm. |
| 500 ## - NOTES | |
| General note | Includes index. |
| 505 ## - FORMATTED CONTENTS NOTE | |
| Table of Content | Into the light --<br/>Therapists reveal their attitudes about memories and suggestions of abuse --<br/>Memory in perspective --<br/>Suggested realities --<br/>Suggested memories of abuse --<br/>Why believe it if it isn't true? --<br/>How can you be sure? --<br/>Shattered lives --<br/>Therapy that hurts and therapy that helps --<br/>The memories of your future. |
| 650 #0 - SUBJECTS | |
| Topical Term | Adult child sexual abuse victims. |
| 650 #0 - SUBJECTS | |
| Topical Term | False memory syndrome. |
| 650 #0 - SUBJECTS | |
| Topical Term | Recovered memory. |
| 942 ## - ADDED ENTRY ELEMENTS (KOHA) | |
| Koha item type | Books |
| Withdrawn status | Lost status | Collection code | Home library | Current library | Shelving location | Date acquired | Full call number | Accession Number | Copy number | Koha item type |
|---|---|---|---|---|---|---|---|---|---|---|
| Reference | Methodist University Library Main | Methodist University Library Main | General Stacks | RC569.5.A28 Ya1 | 4036 | 1 | Books |